| Tag |
First Indicator |
Second Indicator |
Subfields |
| LEADER |
00000cam a2200000Ia 4500 |
| 001 |
in00002425449 |
| 005 |
20190327171550.0 |
| 006 |
m d |
| 007 |
cr cn||||||||| |
| 008 |
070806s2005 ne a sb 101 0 eng d |
| 020 |
|
|
|a 9780123852519
|
| 020 |
|
|
|a 012385251X
|
| 035 |
|
|
|a (OCoLC)ocn162574321
|
| 035 |
|
|
|a (OCoLC)162574321
|
| 037 |
|
|
|a 102337:102355
|b Elsevier Science & Technology
|n http://www.sciencedirect.com
|
| 040 |
|
|
|a OPELS
|c OPELS
|d UtOrBLW
|
| 049 |
|
|
|a TEFA
|
| 050 |
1 |
4 |
|a QA76.5
|b .M796 2005eb
|
| 082 |
0 |
4 |
|a 621.395
|2 22
|
| 245 |
0 |
0 |
|a Multiprocessor systems-on-chips /
|c edited by Ahmed Amine Jerraya, Wayne Wolf.
|
| 264 |
|
1 |
|a Amsterdam ;
|a London :
|b Morgan Kaufmann,
|c [2005]
|
| 264 |
|
4 |
|c ©2005
|
| 300 |
|
|
|a xx, 581 pages :
|b illustrations ;
|c 25 cm.
|
| 336 |
|
|
|a text
|b txt
|2 rdacontent
|
| 337 |
|
|
|a computer
|b c
|2 rdamedia
|
| 338 |
|
|
|a online resource
|b cr
|2 rdacarrier
|
| 490 |
1 |
|
|a Morgan Kaufmann series in systems on silicon
|
| 533 |
|
|
|a Electronic reproduction.
|b Amsterdam :
|c Elsevier Science & Technology,
|d 2007.
|n Mode of access: World Wide Web.
|n System requirements: Web browser.
|n Title from title screen (viewed on Aug. 2, 2007).
|n Access may be restricted to users at subscribing institutions.
|
| 520 |
|
|
|a Modern system-on-chip (SoC) design shows a clear trend toward integration of multiple processor cores on a single chip. Designing a multiprocessor system-on-chip (MPSOC) requires an understanding of the various design styles and techniques used in the multiprocessor. Understanding the application area of the MPSOC is also critical to making proper tradeoffs and design decisions. Multiprocessor Systems-on-Chips covers both design techniques and applications for MPSOCs. Design topics include multiprocessor architectures, processors, operating systems, compilers, methodologies, and synthesis algorithms, and application areas covered include telecommunications and multimedia. The majority of the chapters were collected from presentations made at the International Workshop on Application-Specific Multi-Processor SoC held over the past two years. The workshop assembled internationally recognized speakers on the range of topics relevant to MPSOCs. After having refined their material at the workshop, the speakers are now writing chapters and the editors are fashioning them into a unified book by making connections between chapters and developing common terminology. *Examines several different architectures and the constraints imposed on them *Discusses scheduling, real-time operating systems, and compilers *Analyzes design trade-off and decisions in telecommunications and multimedia applications.
|
| 505 |
0 |
|
|a Table of Contents -- 1. The What, Why, and How of MPSoCs* -- Part I. Hardware -- 2. Techniques for Designing energy-Aware MPSoCs* 3. Networks on Chips*4. Architecture of Embedded Microprocessors* 5. Performance and Flexibility for Multiple-Processor SoC Design*6. MPSOC Performance Modeling and Analysis*7. Design of Communication Architectures for High-Performance and Energy Efficient System-on-Chips* 8. Design space exploration of on-chip networks* -- Part II. Software -- 9. Memory Systems and Compiler Support fo MPSoC Architectures*10. A SystemC-Based Abstract Real-Time Operating System Model for Multiprocessor System-on-Chip*11.Cost-Efficient Mapping of Dynamic Concurrent Tasks in Embedded Real-Time Multimedia Systems*12. ILP-Based Resource-Aware Compilation* -- Part III. Methodologies and Applications -- 13. Component-Based Design for Multiprocessor System-on-chip*15. Models of Computation for Systems-on-Chips* 16. Metropolis: A Design Envrionemnet for Heterogenous Systems* Glossary*Bibliography*Contributors.
|
| 500 |
|
|
|a "This book had its origins in the Multiprocessor Systems-on-Chips (MPSoC) Workshop, ... held every summer since 2001"--Pref.
|
| 504 |
|
|
|a Includes bibliographical references (pages [513]-556) and index.
|
| 500 |
|
|
|a Electronic resource.
|
| 650 |
|
0 |
|a Systems on a chip
|x Design and construction.
|
| 650 |
|
0 |
|a Multiprocessors
|x Design and construction.
|
| 655 |
|
7 |
|a Electronic books.
|2 local
|
| 700 |
1 |
|
|a Jerraya, Ahmed A.
|q (Ahmed Amine)
|
| 700 |
1 |
|
|a Wolf, Marilyn,
|d 1958-
|
| 730 |
0 |
|
|a Referex.
|
| 776 |
1 |
|
|c Original
|z 012385251X
|z 9780123852519
|w (OCoLC)56467197
|
| 830 |
|
0 |
|a Morgan Kaufmann series in systems on silicon.
|
| 856 |
4 |
0 |
|u http://proxy.library.tamu.edu/login?url=http://www.sciencedirect.com/science/book/9780123852519
|z Connect to the full text of this electronic book
|t 0
|
| 994 |
|
|
|a C0
|b TEF
|
| 999 |
|
|
|a MARS
|
| 999 |
f |
f |
|s 2c13ce00-0359-3aa1-bf63-66ff11fca5dd
|i b6903d74-f16c-3824-accd-4e0992a925f4
|t 0
|
| 952 |
f |
f |
|a Texas A&M University
|b College Station
|c Electronic Resources
|d Available Online
|t 0
|e QA76.5 .M796 2005eb
|h Library of Congress classification
|
| 998 |
f |
f |
|a QA76.5 .M796 2005eb
|t 0
|l Available Online
|